| 000 | 00864nam a22002297a 4500 | ||
|---|---|---|---|
| 005 | 20140905105902.0 | ||
| 008 | 131125s1986 xxu frn 101 0deng | ||
| 020 | _a0262111128 | ||
| 040 |
_aCO-BoUCM _cJose A. Gerena (modificó) _dAldemar Mondragón _bspa |
||
| 041 | 0 | 0 | _aeng |
| 245 | 0 | 0 |
_aStrategic trade policy and the new international economics _ceditado por Paul R. Krugman |
| 260 |
_aCambridge (Massachusetts, Estados Unidos) _bMIT Press _c1986 |
||
| 300 | _a313 páginas | ||
| 504 | _aIncluye referencias bibliográficas e índices | ||
| 650 | 7 |
_aComercio internacional _911207 |
|
| 650 | 7 |
_aPolítica comercial _933837 |
|
| 650 | 7 |
_aRelaciones económicas internacionales _933498 |
|
| 690 |
_942757 _aComercio |
||
| 700 | 1 |
_aKrugman, Paul R. _945132 _eeditor |
|
| 942 |
_a7 _cLIBRO _e1 _mS898 _kR _2DEWEY _h382.3 |
||
| 999 |
_c182128 _d182128 |
||